000 00511pab a2200181 454500
008 180718b2011 xxu||||| |||| 00| 0 eng d
100 _aOreg, Shaul
245 _aChange recipients reaction to organizational change: A 60 year review of quantitative studies
260 _c2011
300 _ap.461-524.
362 _aDec
650 _aOrganizational change
700 _aArmenakis, Achilles
700 _aVakola, Maria
773 _aJournal of Applied Behavioral Science
908 _aN
909 _a94591
999 _c94591
_d94591